2017-18 UEFA Europa League Results - Statistics

General Stats
  • This quiz has been taken 247 times
  • The average score is 22 of 32
Answers on the Map
Answers color-coded by a green-red scale on the quiz's map according to % correct below.
 
Answer Stats
Club % Correct
๐Ÿ‡ช๐Ÿ‡ธ Atlรฉtico Madrid
92%
๐Ÿ‡ซ๐Ÿ‡ท Marseille
92%
๐Ÿด๓ ง๓ ข๓ ฅ๓ ฎ๓ ง๓ ฟ Arsenal
89%
๐Ÿ‡ฎ๐Ÿ‡น Milan
87%
๐Ÿ‡ซ๐Ÿ‡ท Lyon
85%
๐Ÿ‡ต๐Ÿ‡น Sporting CP
80%
๐Ÿ‡บ๐Ÿ‡ฆ Dynamo Kyiv
78%
๐Ÿ‡ท๐Ÿ‡บ Zenit St Petersburg
78%
๐Ÿ‡ฎ๐Ÿ‡น Atalanta
77%
๐Ÿ‡ต๐Ÿ‡น Braga
77%
๐Ÿด๓ ง๓ ข๓ ณ๓ ฃ๓ ด๓ ฟ Celtic
76%
๐Ÿ‡ฎ๐Ÿ‡น Lazio
76%
๐Ÿ‡ท๐Ÿ‡บ CSKA Moscow
75%
๐Ÿ‡ช๐Ÿ‡ธ Villarreal
73%
๐Ÿ‡ฌ๐Ÿ‡ท AEK Athens
72%
๐Ÿ‡ฐ๐Ÿ‡ฟ Astana
72%
๐Ÿ‡ฆ๐Ÿ‡น Red Bull Salzburg
72%
๐Ÿ‡ช๐Ÿ‡ธ Athletic Bilbao
70%
๐Ÿ‡ฉ๐Ÿ‡ฐ Copenhagen
69%
๐Ÿ‡ฎ๐Ÿ‡น Napoli
69%
๐Ÿ‡ท๐Ÿ‡ธ Red Star Belgrade
67%
๐Ÿ‡ฉ๐Ÿ‡ช Borussia Dortmund
65%
๐Ÿ‡ท๐Ÿ‡บ Lokomotiv Moscow
63%
๐Ÿ‡ฉ๐Ÿ‡ช RB Leipzig
63%
๐Ÿ‡ท๐Ÿ‡บ Spartak Moscow
62%
๐Ÿ‡ง๐Ÿ‡ฌ Ludogorets
60%
๐Ÿ‡ท๐Ÿ‡ธ Partizan
58%
๐Ÿ‡ช๐Ÿ‡ธ Real Sociedad
55%
๐Ÿ‡จ๐Ÿ‡ฟ Viktoria Plzeลˆ
53%
๐Ÿ‡ซ๐Ÿ‡ท Nice
52%
๐Ÿ‡ท๐Ÿ‡ด FCSB
47%
๐Ÿ‡ธ๐Ÿ‡ช ร–stersund
33%
No matching quizzes found
Score Distribution
Percent of People with Each Score
Percentile by Number Answered
Your Score History
You have not taken this quiz